000 00439nam a22001697a 4500
005 20160627143512.0
008 160627b xxu||||| |||| 00| 0 eng d
020 _a81-7534-194-7
041 _aeng
082 _b10480
100 _aKamath, Nandan
_92935
245 _aLaw Relating to Computers Internats & E- Commerce
260 _bUniversal law publishing co pvt ltd
_c2002
300 _a826
650 _aManagement
_9241
942 _cBK
999 _c4249
_d4248